Anglicko-český a česko-anglický slovník /

Saved in:
Bibliographic Details
Main Author: Poldauf, Ivan (Author)
Format: Book
Language:Czech
Published: Praha : Státní pedagogické nakladatelství, 1990
Tags: Add Tag
No Tags, Be the first to tag this record!

MARC

LEADER 00000nam a22000003a 4500
001 stu76521
005 20150617225645.7
008 020101s1990----cs------------------cze-d
020 |a 80-04-23941-2 
040 |a STU  |b slo 
041 0 |a cze 
044 |a cs 
080 |a 801.323.2=20=850=850=20  |7 stu_us_auth*stu9878 
100 1 |a Poldauf, Ivan  |4 aut 
245 1 |a Anglicko-český a česko-anglický slovník /  |c Aut.: Poldauf,I. a kol 
260 |a Praha :  |b Státní pedagogické nakladatelství,  |c 1990 
300 |a 1223 s 
996 |b 284EK07029  |c E*74007  |l EE01  |s A  |a 24  |w stu76521_0001 
996 |b E74014  |c R*74014  |l RRUM  |s A  |a 24  |w stu76521_0004